Microprocessors And Interfacing Techniques (Record no. 329665)
[ view plain ]
| 000 -LEADER | |
|---|---|
| fixed length control field | 00466nam a2200169Ia 4500 |
| 008 - FIXED-LENGTH DATA ELEMENTS--GENERAL INFORMATION | |
| fixed length control field | 230718s9999 xx 000 0 und d |
| 020 ## - INTERNATIONAL STANDARD BOOK NUMBER | |
| International Standard Book Number | 69788184953251 |
| 041 ## - LANGUAGE CODE | |
| Language code of text/sound track or separate title | eng |
| 082 ## - DEWEY DECIMAL CLASSIFICATION NUMBER | |
| Classification number | 004.16 |
| Item number | MHA |
| 100 ## - MAIN ENTRY--PERSONAL NAME | |
| Personal name | Mhatre S.C. |
| 245 ## - TITLE STATEMENT | |
| Title | Microprocessors And Interfacing Techniques |
| 260 ## - PUBLICATION, DISTRIBUTION, ETC. (IMPRINT) | |
| Date of publication, distribution, etc. | 2012 |
| Name of publisher, distributor, etc. | Jaico Publishing House |
| 300 ## - PHYSICAL DESCRIPTION | |
| Extent | 453 |
| 365 ## - TRADE PRICE | |
| Currency code | Rs. |
| Price amount | 395.00 |
| 700 ## - ADDED ENTRY--PERSONAL NAME | |
| Personal name | Mhatre S.C. |
| 906 ## - LOCAL DATA ELEMENT F, LDF (RLIN) | |
| d | O:0244713-Jan-2012B:SL 11/115213-Jan-2012 |
| c | COMP |
| b | 790 |
| Withdrawn status | Lost status | Damaged status | Not for loan | Home library | Current library | Date acquired | Vendor | Budget Code | Cost, normal purchase price | Bill number | Total Checkouts | Full call number | Barcode | Date last seen | Date last checked out | Discount | Cost, replacement price | Bill Date | Koha item type | Original Barcode |
|---|---|---|---|---|---|---|---|---|---|---|---|---|---|---|---|---|---|---|---|---|
| Cummins College of Engineering for Women Pune | Cummins College of Engineering for Women Pune | 18/01/2012 | Vaibhav Book House | COMP | 296.25 | SL 11/1152 | 2 | 004.16 | CCEP-BK-40872 | 02/04/2024 | 27/03/2024 | 790 | 395.00 | 13/01/2012 | Books | 040872 |